Le Malade imaginaire /

A dramatization of the play by Molière.

Bibliographic Details
Corporate Authors: Films for the Humanities (Firm), Théâtre Marigny (Paris, France)
Other Authors: Sabbagh, Pierre, Molière, 1622-1673
Format: Video VHS
Language:French
Published: Princeton, NJ : Films for the Humanities & Sciences, 1989.
Subjects:
Online Access:Connect to this online video

MARC

Tag First Indicator Second Indicator Subfields
LEADER 00000cgm a2200000La 4500
001 in00002846607
005 20190331170747.0
007 vf cbaho|
008 980115s1989 nju126 vlfre d
028 4 2 |a FFH 939  |b Films for the Humanities & Sciences 
035 |a (OCoLC)ocn156929204 
035 |a (OCoLC)156929204 
040 |a ICK  |c MNU  |d ALSTP  |d UtOrBLW 
049 |a TXAM 
050 4 |a PQ1835  |b .A12 1988 
245 0 3 |a Le Malade imaginaire /  |c Molière. 
264 1 |a Princeton, NJ :  |b Films for the Humanities & Sciences,  |c 1989. 
300 |a 2 videocassettes (126 min.) :  |b sound, color ;  |c 1/2 in. 
336 |a two-dimensional moving image  |b tdi  |2 rdacontent 
337 |a video  |b v  |2 rdamedia 
338 |a videocassette  |b vf  |2 rdacarrier 
538 |a VHS. 
500 |a From opening screens: Pierre Sabbagh vous propose ... au théâtre ce soir Théâtre Marigny. 
520 |a A dramatization of the play by Molière. 
500 |a Videorecording. 
655 7 |a Nonfiction films.  |2 lcgft 
655 7 |a Documentary films.  |2 lcgft 
655 7 |a Internet videos.  |2 lcgft 
700 1 |a Sabbagh, Pierre. 
700 1 |a Molière,  |d 1622-1673.  |t Malade imaginaire. 
710 2 |a Films for the Humanities (Firm) 
710 2 |a Théâtre Marigny (Paris, France) 
856 4 0 |u http://proxy.library.tamu.edu/login?url=http://www.aspresolver.com/aspresolver.asp?ATIV;657818  |z Connect to this online video  |t 0 
994 |a 92  |b TXA 
999 |a MARS 
999 f f |s 94a1d139-d74c-3324-adbd-2fefcc360cd5  |i 3fc79171-6257-3d2c-9cef-fb94b226092f  |t 0 
952 f f |a Texas A&M University  |b College Station  |c Electronic Resources  |d Available Online  |t 0  |e PQ1835 .A12 1988  |h Library of Congress classification 
998 f f |a PQ1835 .A12 1988  |t 0  |l Available Online